绘制中国所有的行政区划边界 - Statistics

General Stats
  • This quiz has been taken 274 times
  • The average score is 132 of 168
Answers on the Map
Answers color-coded by a green-red scale on the quiz's map according to % correct below.
 
Answer Stats
答案 % Correct
广西 - 广东
87%
广东 - 福建
86%
天津 - 河北
86%
河北 - 北京
86%
俄罗斯 - 黑龙江
85%
湖南 - 广东
84%
河南 - 河北
84%
山西 - 河北
84%
山东 - 河北
84%
陕西 - 山西
84%
内蒙古 - 河北
84%
朝鲜 - 吉林
84%
蒙古 - 内蒙古
84%
印度 - 西藏
84%
俄罗斯 - 内蒙古
84%
朝鲜 - 辽宁
84%
云南 - 西藏
83%
湖南 - 湖北
83%
浙江 - 上海
83%
浙江 - 安徽
83%
浙江 - 江苏
83%
尼泊尔 - 西藏
83%
江苏 - 安徽
83%
西藏 - 青海
83%
山东 - 河南
83%
新疆 - 西藏
83%
内蒙古 - 吉林
83%
吉林 - 黑龙江
83%
蒙古 - 新疆
83%
内蒙古 - 黑龙江
83%
俄罗斯 - 吉林
83%
南海 - 广东
82%
缅甸 - 云南
82%
江西 - 福建
82%
浙江 - 福建
82%
上海 - 江苏
82%
西藏 - 四川
82%
陕西 - 湖北
82%
山东 - 江苏
82%
新疆 - 青海
82%
山西 - 内蒙古
82%
辽宁 - 河北
82%
内蒙古 - 辽宁
82%
辽宁 - 吉林
82%
哈萨克斯坦 - 新疆
82%
云南 - 广西
81%
江西 - 广东
81%
贵州 - 广西
81%
云南 - 四川
81%
浙江 - 江西
81%
江西 - 湖北
81%
江西 - 安徽
81%
湖北 - 安徽
81%
重庆 - 湖北
81%
重庆 - 陕西
81%
四川 - 陕西
81%
湖北 - 河南
81%
四川 - 青海
81%
河南 - 安徽
81%
陕西 - 河南
81%
山西 - 河南
81%
青海 - 甘肃
81%
宁夏 - 内蒙古
81%
陕西 - 内蒙古
81%
天津 - 北京
81%
新疆 - 甘肃
81%
内蒙古 - 甘肃
81%
蒙古 - 甘肃
81%
不丹 - 西藏
81%
吉尔吉斯斯坦 - 新疆
81%
俄罗斯 - 新疆
81%
越南 - 广西
81%
越南 - 云南
81%
老挝 - 云南
81%
湖南 - 广西
80%
江西 - 湖南
80%
云南 - 贵州
80%
四川 - 贵州
80%
重庆 - 四川
80%
陕西 - 宁夏
80%
渤海 - 天津
80%
南海 - 海南
79%
湖南 - 贵州
79%
重庆 - 湖南
79%
重庆 - 贵州
79%
四川 - 甘肃
79%
陕西 - 甘肃
79%
宁夏 - 甘肃
79%
渤海 - 河北
79%
渤海 - 辽宁
79%
巴基斯坦 - 西藏
79%
阿富汗 - 新疆
79%
塔吉克斯坦 - 新疆
79%
东海 - 福建
79%
台湾海峡 - 福建
78%
渤海 - 山东
78%
东海 - 浙江
77%
黄海 - 山东
77%
缅甸 - 西藏
77%
巴基斯坦 - 新疆
77%
东海 - 上海
76%
黄海 - 江苏
76%
台湾海峡 - 台湾
75%
黄海 - 辽宁
75%
琼州海峡 - 广东
75%
琼州海峡 - 海南
75%
澳门 - 广东
71%
香港 - 广东
71%
台湾海峡 - 广东
71%
北部湾 - 广东
71%
北部湾 - 海南
71%
北部湾 - 广西
70%
太平洋 - 台湾
69%
山东 - 安徽
67%
黄海 - 上海
61%
南海 - 澳门
53%
南海 - 香港
53%
No matching quizzes found
Score Distribution
Percent of People with Each Score
Percentile by Number Answered
Your Score History
You have not taken this quiz